Églises les plus hautes de France - Statistiques

Statistiques générales
  • Ce quiz a été pris 89 fois
  • Le résultat moyen est 7 sur 15
Statistiques - réponses
Hauteur (en mètres) Date d'achèvement Église % Correct
142 1439 Notre-Dame de Strasbourg
91%
151 1876 Notre-Dame de Rouen
74%
112,7 1549 Notre-Dame d'Amiens
70%
114,6 1492 Basilique Saint-Michel de Bordeaux
64%
115 1516 Notre-Dame de Chartres
64%
96,1 1884 Notre-Dame de l'Assomption de Clermont-Ferrand
58%
97 1881 Temple de la garnison de Metz
56%
105 1850 Basilique Saint-Nicolas de Nantes
54%
114 1829 Sainte-Croix d'Orléans
53%
93 1393 Sainte-Bénigne de Dijon
48%
106 1957 Saint-Joseph du Havre
41%
97 1866 Temple Saint-Étienne de Mulhouse
30%
97 1954 Basilique Sainte-Thérèse de Lisieux
16%
101 1866 Notre-Dame-de-l'Immaculée-Conception de Boulogne-sur-Mer
9%
92 XVIIème siècle Saint-Pierre de Steenvoorde
0%
Aucun quiz correspondant
Distribution des résultats
% des personnes avec chaque résultat
Percentile par nombre de réponses
Votre historique - résultats
Vous n’avez pas pris ce quiz